Construction specifications handbook (Record no. 30648)

MARC details
000 -LEADER
fixed length control field 00310nam a2200121Ia 4500
082 ## - DEWEY DECIMAL CLASSIFICATION NUMBER
Classification number 69.001.3(035)
Item number MEI
100 ## - MAIN ENTRY--AUTHOR NAME
Personal name Meir, H W
245 #0 - TITLE STATEMENT
Title Construction specifications handbook
250 ## - EDITION STATEMENT
Edition statement Ed.2
260 ## - PUBLICATION, DISTRIBUTION, ETC. (IMPRINT)
Place of publication New Jersey
Name of publisher Prentice Hall
Year of publication 1978
942 ## - ADDED ENTRY ELEMENTS (KOHA)
Koha item type Books
Holdings
Withdrawn status Lost status Damaged status Not for loan Home library Current library Date acquired Cost, normal purchase price Full call number Accession Number Koha item type
        RRII Library RRII Library 16/12/2021 45.95 69.001.3(035) MEI 11219 Books